Normal view
MARC view
- Food trucks. Carnivals. Monsters. Interplanetary voyages. Adventure.
Entry Topical Term
001 - CONTROL NUMBER
- control field: 85902
003 - CONTROL NUMBER IDENTIFIER
- control field: OSt
005 - DATE AND TIME OF LATEST TRANSACTION
- control field: 20250110101802.0
008 - FIXED-LENGTH DATA ELEMENTS
- fixed length control field: 250110|| aca||aabn | a|a d
040 ## - CATALOGING SOURCE
- Original cataloging agency: OSt
- Transcribing agency: OSt
150 ## - HEADING--TOPICAL TERM
- Topical term or geographic name as entry element: Food trucks. Carnivals. Monsters. Interplanetary voyages. Adventure.
- Form subdivision: Fiction. Juvenile Fiction
670 ## - SOURCE DATA FOUND
- Source citation: Work cat.: (OSt)48148: Brallier, Max, author. 84216, Galatic hot dogs:, 2016.